000 00840nam a2200253Ia 4500
003 OSt
005 20220923214513.0
006 a|||||r|||| 00| 0
007 ta
008 220922b |||||||| |||| 00| 0 hin d
024 _a170,198
037 _cTextual
040 _aARTS
_cARTS
_bhin
041 _2hin
_ahin
082 _aO152,3N05,TA, J5;M5
100 _aजैनेन्द्र कुमार, ऋभचरण
245 0 _aतपोभूमि
246 _aTapobhūmi
260 _aनई दिल्ली
_b दिग्दर्शन चरण जैन
_c1985
300 _a204पृ.
_ccm.
650 _aहिन्दी साहित्य
_9156264
942 _hO152,3N05,TA, J5;M5
_cTEXL
_2CC
999 _c324530
_d324530